Our great spring victory : (Record no. 110291)
[ view plain ]
| 000 -LEADER | |
|---|---|
| campo de control de longitud fija | 01163cam a22003494a 4500 |
| 001 - NÚMERO DE CONTROL | |
| campo de control | 39510 |
| 005 - FECHA Y HORA DE LA ÚLTIMA TRANSACCIÓN | |
| campo de control | 20230411085955.0 |
| 008 - DATOS DE LONGITUD FIJA--INFORMACIÓN GENERAL | |
| campo de control de longitud fija | 070308s2005 vm ab 000 0 eng |
| 035 ## - NÚMERO DE CONTROL DEL SISTEMA | |
| Número de control de sistema | 14761596 |
| 010 ## - NÚMERO DE CONTROL DE LA BIBLIOTECA DEL CONGRESO | |
| Número de control de LC | 2007306167 |
| 040 ## - FUENTE DE CATALOGACIÓN | |
| Centro catalogador/agencia de origen | CUY |
| Centro/agencia transcriptor | CUY |
| Centro/agencia modificador | OCLCQ |
| -- | DLC |
| 035 ## - NÚMERO DE CONTROL DEL SISTEMA | |
| Número de control de sistema | (OCoLC)62590498 |
| 041 1# - CÓDIGO DE IDIOMA | |
| Código de lengua del texto/banda sonora o título independiente | eng |
| Código de lengua original | vie |
| 042 ## - CÓDIGO DE AUTENTICACIÓN | |
| Código de autenticación | lcode |
| -- | lccopycat |
| 043 ## - CÓDIGO DE ÁREA GEOGRÁFICA | |
| Código de área geográfica | a-vt--- |
| 097 00 - | |
| -- | 438 DS 557.7 |
| -- | T562o 2005 |
| 100 1# - ENTRADA PRINCIPAL--NOMBRE DE PERSONA | |
| Nombre de persona | Tién Dũng, Van. |
| 245 10 - MENCIÓN DEL TÍTULO | |
| Título | Our great spring victory : |
| Resto del título | an account of the liberation of South Vietnam / |
| Mención de responsabilidad, etc. | by Van Tién Dũng ; translated by John Spragens, Jr. |
| 250 ## - MENCION DE EDICION | |
| Mención de edición | 2a ed. |
| 260 ## - PUBLICACIÓN, DISTRIBUCIÓN, ETC. | |
| Lugar de publicación, distribución, etc. | Hanoi : |
| Nombre del editor, distribuidor, etc. | Thé Giới Publishers, |
| Fecha de publicación, distribución, etc. | 2005. |
| 300 ## - DESCRIPCIÓN FÍSICA | |
| Extensión | xi, 299 p. : |
| Otras características físicas | ill., maps ; |
| Dimensiones | 21 cm. |
| 490 0# - MENCIÓN DE SERIE | |
| Mención de serie | Memoirs of war |
| 500 ## - NOTA GENERAL | |
| Nota general | Translated of : Đại tháng mùa xuan. |
| Signatura topográfica de la Biblioteca del Congreso (SE) [OBSOLETO] | English |
| 650 #0 - PUNTO DE ACCESO ADICIONAL DE MATERIA--TÉRMINO DE MATERIA | |
| Término de materia o nombre geográfico como elemento de entrada | Vietnam War, 1961-1975 |
| Subdivisión general | Campaigns. |
| 650 #0 - PUNTO DE ACCESO ADICIONAL DE MATERIA--TÉRMINO DE MATERIA | |
| Término de materia o nombre geográfico como elemento de entrada | Vietnam War, 1961-1975 |
| Subdivisión de forma | Personal narratives, North Vietnamese. |
| 600 10 - PUNTO DE ACCESO ADICIONAL DE MATERIA--NOMBRE DE PERSONA | |
| Nombre de persona | Van, Tién Dũng. |
| 700 1# - ENTRADA AGREGADA--NOMBRE PERSONAL | |
| Nombre de persona | Spragens, John. |
| 710 2# - ENTRADA AGREGADA--NOMBRE DE ENTIDAD CORPORATIVA | |
| Nombre de entidad corporativa o nombre de jurisdicción como elemento de entrada | The Giới Publishers (Hanoi, Vietnam) |
| 925 0# - | |
| -- | acquire |
| -- | 1 shelf copy |
| -- | policy default |
| 942 ## - ELEMENTOS DE ENTRADA SECUNDARIOS (KOHA) | |
| Fuente del sistema de clasificación o colocación | Clasificación de Library of Congress |
| Tipo de ítem Koha | |
| 985 ## - | |
| -- | ODE-jk |
| Estatus retirado | Estado de pérdida | Fuente del sistema de clasificación o colocación | Estado de daño | No para préstamo | Colección | Biblioteca de origen | Biblioteca actual | Ubicación en estantería | Fecha de adquisición | Código de barras | Visto por última vez | Copia número | Tipo de ítem Koha |
|---|---|---|---|---|---|---|---|---|---|---|---|---|---|
| Clasificación de Library of Congress | Automatización y Procesos Técnicos | Biblioteca Juan Bosch | Biblioteca Juan Bosch | Automatización y Procesos Técnicos (1er. Piso) | 11/04/2023 | 00000040494 | 17/02/2019 | 1 |
